000 01436nam0a2200361 4500
001 RU\NLR\bibl\219726
005 20250619103810.0
010 _a5-7454-0565-1
_95000
021 _aRU
_b2001-38027
_91804
035 _a(NLR Aleph) 000215799
090 _a1253443
_c1253443
100 _a20020108d2001 |||y0rusy50 ca
101 1 _arus
_ceng
102 _aRU
105 _ay |||||||||
200 1 _aКогда ваши дети выросли
_eКак помочь им полностью реализовать свой потенциал
_fР. Кэмпбелл, Г. Чепмен
_g[Пер. с англ. В.Н. Гаврилов]
210 _aСПб.
_cБиблия для всех
_d2001
215 _a253, [12] с.
_d20
606 0 _aДети и родители
_xСоциально-психологические исследования
_92055065
_3RU\NLR\auth\661232372
606 0 _aВоспитание в семье - Психологические основы
675 _a159.922.7
_v3
_zrus
686 _a15
_2rugasnti
686 _a88.8
_2rubbk
686 _aС550.325
700 1 _aКэмпбелл
_bР.
_gРосс
_4070
701 1 _4070
_7ca
_8rus
_aЧепмен
_bГ.
_cпсихолог
_f1938-
_gГэри
_9139553
_3RU\NLR\AUTH\770139588
801 0 _aRU
_bRKP
_c20020108
_gPSBO
801 1 _aRU
_bRKP
_c20020108
801 2 _aRU
_bNLR
_c20020211
_grcr
942 _cBOOK
980 _aNB